00530nam a2200193 a 4500001001300000003000900013005001700022008004100039020001000080082001900090100002500109245005600134260004400190300000800234500003500242505001000277650002400287700002500311nice12345678IN_TiNIC20260116011725.0050524s1970 bana grp 000 0 urd  ac0.400a335.40297bNAD aNadvi, M Shahabuddin aNazariy-E-Ishterakiyatb Ek Qurani Tamseel Ka Jaiza aBangalorebFurqania Academy Trustc1970 a24p aincludes index and biblioraphy2 aIndex aCommunism and Quran1 aNadvi, M Shahabuddin